LDR 00865naa#a2200181#i#450# 001 RU\\bibl\123359 005 20260705171035.7 011 ## _a1994-4683 100 ## _a20230731b2023####ek#y0rusy0150####ca 102 ## _aRU 200 1# _aРОЛЬ СТУДЕНТА-ТЬЮТОРА В АДАПТАЦИИ ИНОСТРАННЫХ СТУДЕНТОВ _eЖурнальная статья 210 1# _aМосква _cНациональный государственный Университет физической культуры, спорта и здоровья им. П.Ф. Лесгафта _d2023 215 ## _a2 с. 608 ## _aЖурнальная статья _2local 675 ## _aУниверситеты. 378.4 _z 700 #1 _aБортникова _gЛизавета Васильевна 700 #1 _aНаговицын _gРоман Сергеевич 856 4# _auchzapiski.lesgaft.spb.ru _u